Mutual funds in India : (Record no. 125323)

MARC details
000 -LEADER
fixed length control field 00733nam a22002297a 4500
005 - DATE AND TIME OF LATEST TRANSACTION
control field 20170124105952.0
010 ## - LIBRARY OF CONGRESS CONTROL NUMBER
LC control number A-944363
020 ## - INTERNATIONAL STANDARD BOOK NUMBER
Terms of availability 00.00
International Standard Book Number 8170366143
035 ## - SYSTEM CONTROL NUMBER
System control number A-944363
037 ## - SOURCE OF ACQUISITION
Source of stock number/acquisition Cen Lib/Ret
040 ## - CATALOGING SOURCE
Original cataloging agency DPL
Language of cataloging EN
082 ## - DEWEY DECIMAL CLASSIFICATION NUMBER
Classification number 332.6327
100 ## - MAIN ENTRY--PERSONAL NAME
Personal name Sadhak, H.
9 (RLIN) 13705
245 ## - TITLE STATEMENT
Title Mutual funds in India :
Statement of responsibility, etc by H. Sadhak
Remainder of title marketing strategies and investment practices /
260 ## - PUBLICATION, DISTRIBUTION, ETC. (IMPRINT)
Place of publication, distribution, etc New Delhi
Name of publisher, distributor, etc Response Books
Date of publication, distribution, etc 1997
270 ## - ADDRESS
Address 32M-Block Market Greater Kailash-I
City New Delhi
Postal code 110048
300 ## - PHYSICAL DESCRIPTION
Extent 267p.
Dimensions 21cm(Hb)
500 ## - GENERAL NOTE
General note Includes bibliographical reference and index
650 ## - SUBJECT ADDED ENTRY--TOPICAL TERM
Topical term or geographic name as entry element Economics
9 (RLIN) 79986
650 ## - SUBJECT ADDED ENTRY--TOPICAL TERM
Topical term or geographic name as entry element Mutual funds
Geographic subdivision India
9 (RLIN) 13707
942 ## - ADDED ENTRY ELEMENTS (KOHA)
Source of classification or shelving scheme Dewey Decimal Classification
Koha item type English Books
Classification part 332.6327
Call number suffix SAD
Holdings
Withdrawn status Lost status Damaged status Not for loan Home library Current library Date acquired Source of acquisition Cost, normal purchase price Total Checkouts Full call number Barcode Date last seen Copy number Cost, replacement price Price effective from Koha item type
        Central Library Central Library 20/06/2015 Cen Lib/Ret 0.00   332.6327 SAD A-944363 20/06/2015 1 0.00 20/06/2015 English Books

© Delhi Public Library
Hit Counter
free hit counter